Manejo de semillas y la propagación de diez especies forestales del bosque seco tropical (Registro nro. 16418)

Detalles MARC
000 -CABECERA
Campo de control 010540000a22002770004500
090 ## - CLASIFICACIÓN LOCAL
Colección SERIADAS
044 ## - PAÍS DE PUBLICACIÓN
País de publicación
041 0# - IDIOMA
Código de idioma para texto/pista de sonido o título separado
110 1# - ASIENTO PRINCIPAL--NOMBRE CORPORATIVO
Nombre corporativo o de jurisdicción como elemento de entrada Corantioquia
245 10 - MENCION DE TITULO
Título Manejo de semillas y la propagación de diez especies forestales del bosque seco tropical
651 #4 - ASIENTO SECUNDARIO DE MATERIA - NOMBRE GEOGRAFICO
-- Antioquia
-- Colombia
653 ## - TERMINO DE INDIZACION - NO CONTROLADO
-- Hymenaea courbaruil
-- Algarrobo
-- Guapinol
653 ## - TERMINO DE INDIZACION - NO CONTROLADO
-- Erythrina poeppigiana
-- Cámbulo
-- Poró gigante
-- Cachimbo
653 ## - TERMINO DE INDIZACION - NO CONTROLADO
-- Albizia guachapele
-- Cedro amarillo
-- Iguá
653 ## - TERMINO DE INDIZACION - NO CONTROLADO
-- Cedrela odorata
-- Cedro rojo
653 ## - TERMINO DE INDIZACION - NO CONTROLADO
-- Pseudobombax septenatum
-- Ceiba verde
-- Ceiba barrigona
653 ## - TERMINO DE INDIZACION - NO CONTROLADO
-- Astronium graveolens
-- Diomate
653 ## - TERMINO DE INDIZACION - NO CONTROLADO
-- Enterolobium cyclocarpum
-- Piñón de oreja
653 ## - TERMINO DE INDIZACION - NO CONTROLADO
-- Pithecellobium saman
-- Samán
-- Campano
-- Genízaro
653 ## - TERMINO DE INDIZACION - NO CONTROLADO
-- Buchenavia capitata
-- Tiricio
-- Mulí
653 ## - TERMINO DE INDIZACION - NO CONTROLADO
-- Hura crepitans
-- Ceiba
773 1# - Item fuente:
Título Boletín técnico biodiversidad
Descripción física 3
Paginas del Articulo 1-72
Lugar, editorial y fecha de publicación 2008
942 ## - ELEMENTOS ADICIONALES (KOHA)
Tipo de ítem Artículo

No hay ítems disponibles.